Ďalšie víťszstvá Červenej armády Fakty o hrdinstve a obetavosti - apríl 1944

Bibliographic Details
Main Author: Daubner, V. (Author)
Format: Article
Language:Slovak
PhysicalDescription:Obr. 1.
Subjects:

MARC

LEADER 00000nab a2200000 a 4500
001 vtls000028934
003 SK-MaSNL
005 20260303031307.0
008 180405c1979 xo 0 slo
015 |a SNBRB19rr/mm-uuuuu 
035 |a CL0039028 
040 |a SNKBUCL  |b slo  |c SNKBUCL  |e AACR2 
041 0 |a slo 
044 |a xo  |c SK 
080 |a 947  |2 1981 
080 |a 943.7  |2 1981 
080 |a 355/359  |2 1981 
100 1 |a Daubner, V.  |4 aut  |9 944405 
245 1 0 |a Ďalšie víťszstvá Červenej armády  |b Fakty o hrdinstve a obetavosti - apríl 1944  |c V. Daubner 
300 |b Obr. 1. 
650 0 7 |a druhá svetová vojna (1939-1945)  |2 snkbucl  |9 169657 
650 0 7 |a Prvá samostatná čs. brigáda v ZSSR  |2 snkbucl  |9 1013322 
651 7 |a Sovietsky zväz  |2 snkbucl  |9 22126 
655 7 |a články z novín a časopisov  |2 snkbucl  |9 267496 
773 0 |t Pravda  |g Roč. 60, č. 94 (21. 4. 1979), s. 6 
850 |a Slovenská národná knižnica v Martine  |a MTA001 
852 |a SNK  |b KIS3GCP 
958 |a RK 
992 |a RBX 
999 |c 1657113  |d 1659043